00266nam a2200109Ia 450000500170000000800410001710000180005824500450007626000150012130000110013665000090014720260328101520.0260328s9999||||xx |||||||||||||| ||und|| aMerle, Pierre 0aL' Homme et la verticale /cPierre Merle bLa Colombe a212 p. aARTE